<?xml version="1.0" encoding="UTF-8"?>
<record
    xmlns:xsi="http://www.w3.org/2001/XMLSchema-instance"
    xsi:schemaLocation="http://www.loc.gov/MARC21/slim http://www.loc.gov/standards/marcxml/schema/MARC21slim.xsd"
    xmlns="http://www.loc.gov/MARC21/slim">

  <leader>00628nam0a22002051i 4500</leader>
  <controlfield tag="001">51996</controlfield>
  <controlfield tag="005">20260130191324.0</controlfield>
  <datafield tag="010" ind1=" " ind2=" ">
    <subfield code="a">9789961002421</subfield>
  </datafield>
  <datafield tag="090" ind1=" " ind2=" ">
    <subfield code="a">51996</subfield>
  </datafield>
  <datafield tag="100" ind1=" " ind2=" ">
    <subfield code="a">20241121              frey50        </subfield>
  </datafield>
  <datafield tag="101" ind1=" " ind2=" ">
    <subfield code="a">fre</subfield>
  </datafield>
  <datafield tag="102" ind1=" " ind2=" ">
    <subfield code="c">DZ</subfield>
  </datafield>
  <datafield tag="200" ind1="1" ind2=" ">
    <subfield code="a">Pr&#xE9;cis De S&#xE9;miologie</subfield>
  </datafield>
  <datafield tag="210" ind1=" " ind2=" ">
    <subfield code="a">Alger</subfield>
    <subfield code="c">Opu</subfield>
    <subfield code="d">2006</subfield>
  </datafield>
  <datafield tag="215" ind1=" " ind2=" ">
    <subfield code="a">365 P.</subfield>
    <subfield code="b">Livre</subfield>
    <subfield code="c">Couv; ill; en noir</subfield>
    <subfield code="d">22 cm</subfield>
  </datafield>
  <datafield tag="610" ind1="0" ind2=" ">
    <subfield code="a">L'appareil de respiratoire, l'appareil cardio-vasculaire, le syst&#xE8;me nerveux, l'appareil locomoteur.</subfield>
  </datafield>
  <datafield tag="700" ind1="0" ind2=" ">
    <subfield code="a">Rose-Marie Hamladji</subfield>
    <subfield code="4">070</subfield>
  </datafield>
  <datafield tag="852" ind1=" " ind2=" ">
    <subfield code="j">MED/GEL/001/6/03</subfield>
  </datafield>
  <datafield tag="856" ind1=" " ind2=" ">
    <subfield code="u">http://41.111.198.133/Z/MED.GEL.001.6.03.pdf</subfield>
    <subfield code="z">Sommaire</subfield>
  </datafield>
  <datafield tag="942" ind1=" " ind2=" ">
    <subfield code="c">BK</subfield>
  </datafield>
  <datafield tag="995" ind1=" " ind2=" ">
    <subfield code="r">BK</subfield>
    <subfield code="j">Dont . Dr Zaidi</subfield>
    <subfield code="k">GEL/001/6/03/001</subfield>
    <subfield code="o">0</subfield>
    <subfield code="9">201752</subfield>
    <subfield code="2">0</subfield>
    <subfield code="5">2024-11-21</subfield>
    <subfield code="b">MED</subfield>
    <subfield code="c">MED</subfield>
    <subfield code="f">MED/GEL/001/6/03/001</subfield>
  </datafield>
</record>
